Suomalaisurheilua harvinaisemmilla kirjaimilla - Statistics

Yleistilastot
  • Tätä visaa on pelattu 25 kertaa
  • Keskiarvotulos 5 / 8
Vastaustilastot
Vihje Vastaus % Oikein
Olympiakultaa, Stanley Cup ja maailmanmestaruus Valtteri Filppula
88%
Vuosikausia Florida Panthersin kapteenina Aleksander Barkov
81%
29 maalia jalkapallon A-maajoukkueessa Mikael Forssell
75%
5 ulko- ja 5 sisäratojen arvokisamitalia - pikajuoksusta! Arto Bryggare
69%
Kaksinkertainen maailmanmestari yhdessä Timon kanssa Marcus Grönholm
63%
2000-luvun huippugolfari Minea Blomqvist
50%
Porin kova painija ja yksi kolmesta Työväen urheiluliiton olympiavoittajasta Kelpo Gröndahl
25%
Euroopan mestari 1934, Joe Louisin toinen haastaja 1938 Gunnar Bärglund
19%
Ehtoja vastaavia visoja ei löytynyt
Tulosjakauma
Jokaisen tuloksen saaneiden osuus
Persentiili vastausten määrän mukaan
Tuloshistoriasi
Et ole pelannut tätä visaa